000 00873nas a2200301 4500
001 BR0500827
003 BR-BrBNA
005 20231205105206.0
007 ta
008 230509b bl.|||p| |||| 00| 00por d
040 _aBR-BrBNA
_bpor
_cBiblioteca Nacional de Agricultura
041 _a(Pt)
072 _aJ11
100 1 _aAguiar, R.W.S.
100 1 _aOliveira, C.R.F. de
100 1 _aMatos, C.H.C.
100 1 _aFaroni, L.R.D'A.
245 1 _aUso do congelamento no controle de insetos-praga de grãos armazenados
650 _aTRIGO
650 _aGRÃO
650 _aPRAGA DE PRODUTO ARMAZENADO
650 _aCONTROLE FÍSICO
650 _aINSETO
650 _aMINAS GERAIS
773 0 _tBioscience Journal (Brazil)
_xISSN 1516-3725
_g(May-Aug 2003), v. 19(2) p. 21-25
_wBR0500827
909 _a202311
_bLúcia
_c55
_dLúcia Elande
942 _2AGRIS
_n0
_cANA
999 _c181688
_d181688